Riconosci l'Anno dagli eventi - Quiz n°495 - Statistics

Statistiche generali
  • Questo quiz è stato fatto 6 volte
  • Il punteggio medio è 10 su 12
Statistiche sulle risposte
Indizio Risposta % Corretto
C Alessandro Volta comincia la produzione a livello industriale della sua pila.
100%
B Gli inglesi terminano l'esplorazione dell'Australia, scoprendo che si tratta di un'isola.
100%
A Richard Trevithick costruisce la prima locomotiva
100%
I 18 maggio – Gran Bretagna/Francia: gli inglesi dichiarano guerra alla Francia perché rifiuta di lasciare il territorio olandese. L'Inghilterra rifiuta invece di abbandonare Malta.
83%
G 1º marzo – Stati Uniti: l'Ohio diventa il 17º stato.
83%
F 25 febbraio – Ratisbona: ultima dieta imperiale e reichsdeputationshauptschluss.
83%
M 26 luglio – Gran Bretagna: viene inaugurata la prima linea ferroviaria pubblica, tra Wandsworth e Croydon.
83%
H 30 aprile – Stati Uniti/Francia: gli USA acquistano la Louisiana dalla Francia per 15.000.000 dollari.
83%
L 5 luglio – Hannover (Germania): occupazione da parte delle truppe francesi
83%
E Febbraio-luglio La cattedrale di Alessandria, del secolo XIII, viene demolita nel quadro della riorganizzazione funzionale urbana della città voluta da Napoleone.
83%
D Svizzera: il Canton Ticino diventa cantone ufficiale.
83%
Anno 1803
67%
Nessun quiz corrispondente trovato
Distribuzione punteggi
Percentuale di utenti per punteggio
Percentile per numero di risposta
I tuoi punteggi nel tempo
Non hai fatto questo quiz